00724nam a22001817a 4500003000400000005001700004008004100021020001500062040000900077100003800086245015200124260005600276300001100332500004500343500006500388600005600453700003300509OSt20131008141424.0130613s2000 mx ||||| |||| 00| 0 spa d a9686255265 cCDMR1 aFerran de Pol, Lluísd1911-199513aUn periodista catalán en el exiliob: Ferran de Pol en El Nacionalc[Ferran de Pol] ; introducción y selección de Josep-Vicent Garcia i Raffi aZapopan (Jalisco)bD.R. El Colegio de Jaliscoc2000 a166 p. aA la coberta: Ajuntament d'Arenys de Mar aAntologia d'articles publicats a El Nacional, diari mexicà1 aFerran de Pol, Lluísd1911-1995vRecull d'escrits1 aGarcia i Raffi, Josep-Vicent